000 00327nam a2200145Ia 4500
008 230605s1987 xx 000 0 und d
041 _aeng
100 _aLillian Hogaland
245 _aFood Chemistry
260 _bC.B.S.Publication
_c1987
300 _a385p
520 _aGeneral
520 _aHard Board
650 _aC.S.
999 _c419952
_d419952